000 00406pab a2200157 454500
008 180718b2007 xxu||||| |||| 00| 0 eng d
100 _aCallahan, Richard
245 _aGovernance: the collision of politics and cooperation
260 _c2007
300 _ap.290-301.
362 _aMar-Apr
650 _aPublic administration
773 _aPublic Administration Review
908 _aN
909 _a75375
999 _c75375
_d75375